El Bibliobús
Publicado:
San Jorge, núm. 95 (juny 1975), pàg 25 :
MARC
| LEADER | 00000nam a2200000Ia 4500 | ||
|---|---|---|---|
| 001 | |||
| 008 | 160829s9999 xx 000 0 cat d | ||
| 245 | |a El Bibliobús | ||
| 260 | |a San Jorge, núm. 95 (juny 1975), pàg 25 | ||
| 590 | |a Existeix un duplicat al volum Separates amb R. 17658. | ||
| 650 | 0 | |a Bibliobusos |z Barcelona (Catalunya : Província) |9 30563 | |
| 901 | |a Arxiu | ||
| 942 | |n 1 | ||
| 952 | |0 0 |1 0 |4 0 |7 1 |9 50308 |a Arxiu |b Arxiu |d 2016-12-01 |l 0 |r 2016-12-01 00:00:00 |w 2016-12-01 |y ARXIU | ||
| 999 | |c 54150 |d 54150 | ||